| 000 | 00688cam a2200157 4500 | ||
|---|---|---|---|
| 082 |
_a621.6 _bMOL _cL-23, P-8 |
||
| 100 | 1 |
_aMolloy, Edward. _941713 |
|
| 245 | 1 | 0 |
_aPumps and pumping; _ba practical manual on the operation, installation, and maintenance of reciprocating, centrifugal, and rotary pumps. _cPrepared by a staff of technical experts under the direction of E. Molloy. With one hundred illustrations. |
| 260 |
_aBrooklyn, N.Y., _bChemical Pub. Co., _c1941. |
||
| 300 |
_a104 p. _billus., diagrs. _c22 cm. |
||
| 490 | 1 | _aThe "Complete engineer" series, | |
| 526 |
_a0 _b0 _c0 _d621_600000000000000_MOL |
||
| 650 | 0 |
_aMCE _9379 |
|
| 650 | 0 |
_aPumping machinery. _93452 |
|
| 942 |
_2ddc _cBK |
||
| 999 |
_c545791 _d545791 |
||